| 000 | nam a22 7a 4500 | ||
|---|---|---|---|
| 999 |
_c17778 _d17778 |
||
| 008 | 161129b xxu||||| |||| 00| 0 eng d | ||
| 020 | _a9781465265746 | ||
| 050 | _aMT 90 .C55 2013 | ||
| 100 |
_aChiego, John J. _d2013 |
||
| 245 |
_aThe Musical Experience/ _cJohn J. Chiego |
||
| 250 | _a3rd ed | ||
| 260 |
_aDubuque: _bKendallhunt publishing company, _c2013. |
||
| 300 |
_axxvii,331p.: _bill.; _c27cm. |
||
| 521 | _aIncludes index. | ||
| 942 |
_2lcc _cBOOKS _hMT 90 .C55 2013 |
||